Responses for Show #8238 - Wednesday, September 16, 2020

Contestants

[<< previous game]

David Ferrara, a Realtor from Los Angeles, California

Kelly Decker, an actress from Kagel Canyon, California

Cory Barger, an orchestra musician from Riverside, California (whose 2-day cash winnings total $37,400)

[next game >>]

Jeopardy! Round responses

THESE UNITED STATES
NUMBER, PLEASE
TV SHOWS BASED ON BOOKS BY WOMEN
WHAT TO WEAR
EUROPEAN HISTORY
"YOU" IDIOM!
    $200 16
(Kelly: Mount Shasta, what is Mount Shasta?)
(Alex: Nope.)
(Kelly: [Turns away] Ohh!)

Mount Hood

KellyDavid
    $200 21
(Cory: What is 15?)

13

CoryKelly
    $200 11
Sex and the City

Cory
    $200 6
leopard

Cory
    $200 1
(Kelly: What is Norway?)

Sweden

CoryKelly
    $200 26
you can't teach an old dog new tricks

Cory
    $400 17
bayous

Kelly
    $400 22
52

David
    $400 12
Bones

Cory
    $400 7
midi

David
    $400 2
common law

David
    $400 27
[The end-of-round signal sounds.]

you are what you eat

Cory
    $600 18
San Fernando

David
    $600 23
5

David
    $600 13
Laura Ingalls Wilder

Kelly
    $600 8
(Kelly: Oh, yay! WHAT TO WEAR $800.)
[Faint laughter]

a trench coat

Kelly
    $600 3
Holy Roman Emperor

Cory
    $800 19
Portland

Triple Stumper
    $800 24
(Kelly: What is Section [*]?)
...
(Alex: With a minute to go now.)

8

Kelly
    $800 14
(Kelly: [With great enthusiasm] Wooo! Ha! Ha!)

Roswell

Kelly
    $800 9
a kaftan

Kelly
    $800 4
Martel

Triple Stumper
    $1000 20
the Red River of the North

Triple Stumper
    $1000 25
(Kelly: What is a million?)
(Alex: No.)
(Kelly: Aww!)

10,000

Kelly
Triple Stumper
    $1000 15
(Alex: Kelly off to a good start and enjoying it also; we love that.)

Witches

Triple Stumper
    $1000 10
a shawl

David
    $1,000 5
(Cory: What is... Turkey?)

Greece

Cory

Scores at the first commercial break (after clue 15):

Cory Kelly David
$600 $2,600 $1,800

Scores at the end of the Jeopardy! Round:

Cory Kelly David
$1,000 $2,800 $3,600

Double Jeopardy! Round responses

SUMMARIZING THE NOVEL
ACM AWARDS
(Alex: And the awards air tonight.)
A BOROUGH BURIAL
6-LETTER WORDS
THE NAVAJO
SAND PAINTING
    $400 1
Lord of the Flies

David
    $400 8
Carrie Underwood

Kelly
    $400 6
Staten Island

David
    $400 13
trance

Cory
    $400 21
weaving

David
    $400 26
the Mediterranean

Cory
    $800 2
To Kill a Mockingbird

Kelly
    $800 9
Thomas Rhett

Triple Stumper
    $800 7
Typhoid Mary

Kelly
    $800 14
a rosary

David
    $800 22
silver

David
    $800 27
Winslow Homer

Triple Stumper
    $1200 3
Catch-22

David
    $1200 10
Chuck Berry

Kelly
    $1200 18
(Ed) Koch

David
    $1200 15
a piƱata

Kelly
    $1200 23
(Alex: With less than a minute to go now, David.)

Window Rock

Triple Stumper
    $1600 4
(David: What is Death in the Afternoon?)

The Sun Also Rises

David
Triple Stumper
    $1600 11
(Kelly: Who are Lady Antebellum?)

Old Dominion

Kelly
Triple Stumper
    $1600 19
Queens

David
    $3,000 16
(Kelly: [Daily Double uncovered] Ohh!)
(Alex: Don't be frightened.)
(Kelly: I'm frightened! Let's just say, $3000, 'cause that's an even number.)
...
(Alex: Kelly? Say something.)
[Time's up]
(Kelly: I have no idea.)
...
(Kelly: Let's make it up with 6-LETTER WORDS for $2000.)

litmus

Kelly
    $3,000 24
(Kelly: [Prior to the wager] Bet it all, David, come on.)
...
(David: What are code breakers?)
(Alex: No, sorry, they weren't breaking any codes, they were in effect establishing codes by speaking their own language, so the correct response is, "Who are the [*]"?)

code talkers

David
    $2000 5
Erewhon

Triple Stumper
    $2000 12
(Alex: You knew it, Kelly, but you didn't ring in.)

Kelsea Ballerini

Triple Stumper
    $2000 20
Ebbets

David
    $2000 17
hubris

David
    $2000 25
(Cory: What are adobe?)
(Kelly: What are pueblos?)

hogans

CoryKelly
Triple Stumper
    $2000 28
(Kelly: What is al fresco?)
(Cory: What is [*]?)
(Kelly: [Looking at scoreboard] Ohh!)
...
[The end-of-round signal sounds.]
(Alex: And with that, oh, darn.)
(Kelly: I shouldn't have answered that!)
(Alex: Yeah, I guess you shouldn't have.)
[Kelly laughs]
(Alex: But you're gonna pick up $1,000 for finishing in third place.)
(Kelly: [Claps] Yay!)

plein-air

CoryKelly

Scores at the end of the Double Jeopardy! Round:

Cory Kelly David
$1,800 -$1,400 $9,800
(lock game)

[wagering suggestions for these scores]

Final Jeopardy! Round responses

19th CENTURY AMERICANS
(David: Oops.)
(Alex: Oops, indeed.)
CoryWho is Daniel Boone?
$1,800
DavidWho is Daniel Boone? Davey Crockett
$4,823
Daniel Boone

Final scores:

Cory Kelly David
$3,600 -$1,400 $4,977
2nd place: $2,000 3rd place: $1,000 New champion: $4,977

Game dynamics:

Coryat scores:

Cory Kelly David
$2,800 $1,600 $12,800
10 R,
3 W
(including 1 DD)
12 R,
7 W
(including 1 DD)
17 R,
2 W
(including 1 DD)

Combined Coryat: $17,200

[game clues] [game scores] [suggest correction]

Game tape date: 2020-07-28
The J! Archive is created by fans, for fans. Scraping, republication, monetization, and malicious use prohibited; this site may use cookies and collect identifying information. See terms. The Jeopardy! game show and all elements thereof, including but not limited to copyright and trademark thereto, are the property of Jeopardy Productions, Inc. and are protected under law. This website is not affiliated with, sponsored by, or operated by Jeopardy Productions, Inc. Join the discussion at JBoard.tv.